<?xml version="1.0" encoding="UTF-8"?>
<record
    xmlns:xsi="http://www.w3.org/2001/XMLSchema-instance"
    xsi:schemaLocation="http://www.loc.gov/MARC21/slim http://www.loc.gov/standards/marcxml/schema/MARC21slim.xsd"
    xmlns="http://www.loc.gov/MARC21/slim">

  <leader>00593    a2200181   4500</leader>
  <controlfield tag="003">Nust</controlfield>
  <controlfield tag="005">20170207153551.0</controlfield>
  <datafield tag="040" ind1=" " ind2=" ">
    <subfield code="c">Nust</subfield>
  </datafield>
  <datafield tag="082" ind1=" " ind2=" ">
    <subfield code="a">005.1</subfield>
  </datafield>
  <datafield tag="100" ind1=" " ind2=" ">
    <subfield code="a">Islam, Arshad  (MSCS-2)</subfield>
  </datafield>
  <datafield tag="245" ind1=" " ind2=" ">
    <subfield code="a">Development of C3I tool for peace time movement and relocation of units</subfield>
    <subfield code="c">Arshad Islam, </subfield>
  </datafield>
  <datafield tag="260" ind1=" " ind2=" ">
    <subfield code="b">MCS,NUST</subfield>
    <subfield code="c">May 1998</subfield>
    <subfield code="a">Rawalpindi</subfield>
  </datafield>
  <datafield tag="300" ind1=" " ind2=" ">
    <subfield code="a">ix, 102, p;</subfield>
  </datafield>
  <datafield tag="505" ind1=" " ind2=" ">
    <subfield code="a">Introduction (page-1) Background (page-8) Conceptualization (page-41) Implementation (page-57) Conclusion and future work (page-95)</subfield>
  </datafield>
  <datafield tag="538" ind1=" " ind2=" ">
    <subfield code="a">Almirah No.69 Shelf No.5</subfield>
  </datafield>
  <datafield tag="650" ind1=" " ind2=" ">
    <subfield code="a">PG Thesis</subfield>
  </datafield>
  <datafield tag="651" ind1=" " ind2=" ">
    <subfield code="a">MSCS-2</subfield>
  </datafield>
  <datafield tag="942" ind1=" " ind2=" ">
    <subfield code="c">THS</subfield>
  </datafield>
  <datafield tag="999" ind1=" " ind2=" ">
    <subfield code="c">188853</subfield>
    <subfield code="d">188853</subfield>
  </datafield>
  <datafield tag="952" ind1=" " ind2=" ">
    <subfield code="0">0</subfield>
    <subfield code="1">0</subfield>
    <subfield code="2">ddc</subfield>
    <subfield code="4">0</subfield>
    <subfield code="7">0</subfield>
    <subfield code="8">NFIC</subfield>
    <subfield code="a">MCS</subfield>
    <subfield code="b">MCS</subfield>
    <subfield code="d">2016-12-12</subfield>
    <subfield code="l">0</subfield>
    <subfield code="o">005.1  ISL</subfield>
    <subfield code="p">MCSTCS-132</subfield>
    <subfield code="r">2016-12-08</subfield>
    <subfield code="w">2016-12-12</subfield>
    <subfield code="y">BK</subfield>
  </datafield>
</record>
